[Event "EU Union-ch U12"]
[Site "Kouty nad Desnou"]
[Date "2023.08.21"]
[Round "6"]
[White "Levchenko, Alisa"]
[Black "Ben Ayed, Rayen"]
[Result "0-1"]
[WhiteElo "1151"]
[BlackElo "1248"]
[PlyCount "122"]
[EventDate "2023.08.16"]
[EventType "swiss"]
[EventRounds "9"]
[EventCountry "CZE"]
[SourceTitle "EXT 2024"]
[Source "ChessBase"]
[SourceDate "2023.10.10"]
[SourceVersion "1"]
[SourceVersionDate "2023.10.10"]
[SourceQuality "1"]

1. d4 d5 2. c4 c6 3. e3 e6 4. Nf3 Nf6 5. Nc3 Nbd7 6. b3 Bb4 7. Bd2 0-0 8. a3 Bxc3 9. Bxc3 Ne4 10. Bb2 a5 11. Bd3 Ng5 12. 0-0 Nxf3+ 13. Qxf3 Qf6 14. Qxf6 Nxf6 15. f3 Re8 16. e4 b6 17. b4 axb4 18. axb4 Ba6 19. b5 cxb5 20. cxb5 Bb7 21. Rfc1 dxe4 22. fxe4 Nxe4 23. Bxe4 Bxe4 24. Ra6 Reb8 25. Ba3 f6 26. Bd6 Rc8 27. Rc7 Bd3 28. Rxb6 Rxc7 29. Bxc7 Ra1+ 30. Kf2 Rb1 31. Rb8+ Kf7 32. b6 Kg6 33. Ra8 Be4 34. Ra7 Bd5 35. g3 h5 36. h4 Kf5 37. Ke3 Rb3+ 38. Kd2 g5 39. hxg5 fxg5 40. Bd8 Rxg3 41. b7 Rb3 42. Bc7 Rxb7 43. Rxb7 Bxb7 44. Ke3 Kg4 45. Kf2 Kh3 46. Be5 h4 47. Bf6 g4 48. Kg1 g3 49. Be5 Kg4 50. Kf1 h3 51. Ke2 h2 52. Kd3 h1Q 53. Kc4 Bd5+ 54. Kc5 Qc1+ 55. Kd6 Qc6+ 56. Ke7 g2 57. Bh2 e5 58. dxe5 Qe6+ 59. Kd8 Qf7 60. Bg1 Be6 61. Bd4 Qd7# 0-1

[Event "EU Union-ch U12"]
[Site "Kouty nad Desnou"]
[Date "2023.08.17"]
[Round "2"]
[White "Novotny, Adam1111"]
[Black "Ben Ayed, Rayen"]
[Result "1-0"]
[WhiteElo "1117"]
[BlackElo "1248"]
[PlyCount "87"]
[EventDate "2023.08.16"]
[EventType "swiss"]
[EventRounds "9"]
[EventCountry "CZE"]
[SourceTitle "EXT 2024"]
[Source "ChessBase"]
[SourceDate "2023.10.10"]
[SourceVersion "1"]
[SourceVersionDate "2023.10.10"]
[SourceQuality "1"]

1. e4 c6 2. d4 d5 3. exd5 cxd5 4. Nc3 Nc6 5. Bd3 Nxd4 6. Bxh7 Rxh7 7. Qxd4 e6 8. Nf3 Ne7 9. Be3 Nf5 10. Qd2 Nxe3 11. fxe3 Bd7 12. 0-0-0 Rc8 13. e4 dxe4 14. Ng5 Rh8 15. Nxf7 Kxf7 16. Qxd7+ Qxd7 17. Rxd7+ Kg6 18. Nxe4 Rb8 19. h3 Rh4 20. Nc3 Rf4 21. Re1 Kf6 22. Ne4+ Kg6 23. Ng3 Rf6 24. Re3 Bc5 25. Rb3 Bb6 26. Rb4 Rg8 27. Rxb7 Rf2 28. Rg4+ Kh7 29. Re7 Be3+ 30. Kb1 Rd2 31. a3 Rxg2 32. Rxe6 Bh6 33. Nf5 Rxg4 34. hxg4 Bg5 35. c4 Rc8 36. b3 g6 37. Nd6 Rc6 38. Ne4 Rxe6 39. Nxg5+ Kg7 40. Nxe6+ Kf6 41. Nf8 g5 42. c5 Ke5 43. Nh7 Kd5 44. b4 1-0

[Event "EU Union-ch U12"]
[Site "Kouty nad Desnou"]
[Date "2023.08.16"]
[Round "1"]
[White "Ben Ayed, Rayen"]
[Black "Constantinoiu, Alexandru Ioan"]
[Result "0-1"]
[WhiteElo "1248"]
[BlackElo "1687"]
[PlyCount "74"]
[EventDate "2023.08.16"]
[EventType "swiss"]
[EventRounds "9"]
[EventCountry "CZE"]
[SourceTitle "EXT 2024"]
[Source "ChessBase"]
[SourceDate "2023.10.10"]
[SourceVersion "1"]
[SourceVersionDate "2023.10.10"]
[SourceQuality "1"]

1. e4 c5 2. Nf3 d6 3. d4 cxd4 4. Nxd4 Nf6 5. Nc3 a6 6. Be3 e6 7. Be2 Be7 8. 0-0 0-0 9. Qd3 Qc7 10. Rad1 Nc6 11. Nxc6 bxc6 12. Bf4 e5 13. Bg5 Rd8 14. Bxf6 Bxf6 15. Qc4 Qb7 16. Qb3 Qc7 17. Qc4 Bg5 18. b3 Be6 19. Qd3 d5 20. Bf3 d4 21. Na4 c5 22. Nb2 a5 23. Nc4 a4 24. Qe2 axb3 25. axb3 Ra2 26. Ra1 d3 27. Qe1 Rxa1 28. Qxa1 Bxc4 29. bxc4 dxc2 30. h3 c1Q 31. Rxc1 Bxc1 32. Qxc1 h6 33. Kf1 Qd6 34. Ke2 Qd3+ 35. Ke1 Rb8 36. Qd2 Rb1+ 37. Bd1 Qxe4+ 0-1